Sobre la incomodidad: Apuntes de poesía chilena.
Gardado en:
| Autor Principal: | |
|---|---|
| Formato: | Libro |
| Publicado: |
Santiago, Chile:
Ediciones Universidad Diego Portales,
2019.
|
| Edición: | Primera edición. |
| Series: | Colección Huellas.
|
| Subjects: | |
| Tags: |
Engadir etiqueta
Sen Etiquetas, Sexa o primeiro en etiquetar este rexistro!
|
MARC
| LEADER | 00000nam a22000007a 4500 | ||
|---|---|---|---|
| 003 | CL-VaPUC | ||
| 005 | 20241111104941.0 | ||
| 008 | 240913t2019 ||||| |||| 00| 0 eng d | ||
| 999 | |c 444742 |d 444740 | ||
| 020 | |a 978-956-314-446-8 | ||
| 040 | |c Pontificia Universidad Católica de Valparaíso | ||
| 082 | 7 | |a Ch868 HER 2019 |2 22 | |
| 100 | |a Hernández, Elvira |e autora |9 595424 | ||
| 245 | |a Sobre la incomodidad: |b Apuntes de poesía chilena. | ||
| 250 | |a Primera edición. | ||
| 260 | |a Santiago, Chile: |b Ediciones Universidad Diego Portales, |c 2019. | ||
| 300 | |a 75 páginas. | ||
| 490 | |a Colección Huellas. | ||
| 500 | |a c.1 Firmada por la autora. 25-10-2024 | ||
| 583 | |c 20240913 |k Gabriela Rodríguez Cuevas | ||
| 600 | 0 | |9 891383 |a Hernández, Elvira |d 1951- |e Poeta, ensayista y crítica literaria |z Chile | |
| 650 | 0 | |9 268403 |a Poesía chilena |x Historia y crítica |y Siglo 20 | |
| 650 | 0 | |9 269132 |a Ensayos chilenos | |
| 942 | |2 ddc |c BK | ||
| 952 | |0 0 |1 0 |2 ddc |4 0 |6 CH_868_000000000000000_HER_2019 |7 0 |8 A |9 596755 |a BIBEDU |b BIBEDU |d 2024-09-13 |i 5662687 |o Ch868 HER 2019 |p 5662687 |r 2024-09-13 |t 1 |w 2024-09-13 |y BK |k LIT | ||